Libro del año 2000 : resumen ilustrado de actualización, con los principales acontecimientos de 1999 /
Guardado en:
| Autor Principal: | |
|---|---|
| Formato: | Libro |
| Publicado: |
México :
Encyclopaedia Britannica Publishers,
2000
|
| Materias: | |
| Etiquetas: |
Agregar Etiqueta
Sin Etiquetas, Sea el primero en etiquetar este registro!
|
| LEADER | 00718nam a22001815a 4500 | ||
|---|---|---|---|
| 001 | CEM.cems012146 | ||
| 005 | 20060623000000.0 | ||
| 008 | 130507s2000##################000#0#####d | ||
| 003 | CEMS | ||
| 020 | |a 1564090353 | ||
| 082 | 0 | 4 | |a C030 |
| 100 | 1 | |a Díez Ortells, Juan Enrique, dir. | |
| 245 | 1 | 0 | |a Libro del año 2000 : |b resumen ilustrado de actualización, con los principales acontecimientos de 1999 / |c Juan Enrique Díez Ortells |
| 260 | |a México : |b Encyclopaedia Britannica Publishers, |c 2000 | ||
| 300 | |a 416 p. | ||
| 500 | |a Resumen ilustrado de actualización, con los principales acontecimientos de 1999 | ||
| 653 | |a Enciclopedia hispánica | ||
| 859 | |a CEMS |b BIB. CEMS - 11 de abril |h C030 |i En16-3 |p 22689.04 |t Ej.1 |v 2000 |3 2000 | ||
